1613 1189 1620 1428 1638 1238 1909 1966 1622 1509 1991 1692 1065 1393 1304 1719 1694 1358 1556 1716 1364 1338 1425 1158 1054 1406 1554 1104 1952 1401 1012 1173 1027 1020 1318 1778 1691 1955 1419 1162 1781 1519 1667 1954 1120 1874 1475 1840 1579 1086 1596 1578 1981 1402 1647 1874 1132 1762 1015 1417 1069 1269 1338 1047 1970 1813 1999 1852 1925 1379 1818 1998 1645 1749 1474 1796 1456 1088 1174 1710 1270 1709 1914 1247 1815 1409 1879 1581 1165 1182 1495 1183 1043 1744 1408 1362 1977 1947 1631 BCNSPRNW ULIB Ver.6.0+V

เปลี่ยนเป็นภาษาไทย

Change to English
 แสดงรายละเอียดบรรณานุกรม
  กลับหน้าหลัก

Brief Record : Get Marc (ISO 2709) : E-mail record : QR code < ปิดหน้าต่าง
LEADER : 00000nam 2200000uu 4500
001    13399122730
003     ULIB
008    020711s2555 th a 000 0 tha d
020    9786162132155
050  4 DS520^bส834ส
100    สุภฤกษ์ บุญทอง
245    สบายดี...ลาว/^cสุภฤกษ์ บุญทอง
250    พิมพ์ครั้งที่ 1
260    กรุงเทพฯ :^bสกายบุ๊กส์,^c2555
300    72 หน้า
440  0 ชุด ประชาคมอาเซียนฉบับการ์ตูน
650  7 อาเซียน^xเสริมความรู้
650  7 ลาว
945    ^p119^l0^i20172
999    ^aทศพร เกษรทอง
รายการนี้ยังไม่มีแท็ก
คุณยังไม่ได้ล็อกอิน คุณสามารถมีกิจกรรมร่วมกับเว็บไซต์ได้ แต่ต้องล็อกอินก่อน ::
  ล็อกอิน

รายการสื่อสารสนเทศ

ลำดับที่ ประเภท เลขเรียก/บาร์โค้ด สถานที่ สถานะ
1. การศึกษาทั่วไป
การศึกษาทั่วไป
DS520 ส834ส ฉ.1 
  Barcode: 20172
ห้องสมุดวิทยาเขตนครสวรรค์
►หนังสือทั่วไป:l:General Books
บนชั้น

รายการใกล้เคียง
    ผู้แต่ง [สุภฤกษ์ บุญทอง]

    หัวเรื่อง [ลาว]

BibComment


ยังไม่เคยถูกคอมเมนท์

คอมเมนท์ทรัพยากรรายการนี้
  คอมเมนท์: สบายดีลาว สุภฤกษ์..


 Copyright 2026. Bcnsprnw @Library